KOHA-Header-6

Islami Usool Ke 14 Asasi Usool -w-Zawabit (Record no. 7476)

000 -LEADER
fixed length control field 00283nam a2200109Ia 4500
100 ## - MAIN ENTRY--AUTHOR NAME
Personal name Doctor H.B. Khan
245 #0 - TITLE STATEMENT
Title Islami Usool Ke 14 Asasi Usool -w-Zawabit
260 ## - PUBLICATION, DISTRIBUTION, ETC. (IMPRINT)
Place of publication Karachi
Name of publisher Alhamd Academy
Year of publication 224
300 ## - PHYSICAL DESCRIPTION
Number of Pages 2016
942 ## - ADDED ENTRY ELEMENTS (KOHA)
Koha item type Books
Holdings
Withdrawn status Lost status Collection code Permanent Location Current Location Shelving location Date acquired Full call number Accession Number Koha item type
    Islamic Studies MAJU MAJU   2019-09-12 339.14 1350 Islamic Studies

Powered by Koha